000 00868nam a22001817a 4500
999 _c63519
_d63519
003 Ge_BSU
005 20251023143340.0
008 251023s1972 ge ||||| |||| 00| 0 geo d
041 _ageo
080 _a336.14(47+57)(075.8) ლ-34
100 _aლებანიძე, ვლადიმერ
_926099
245 _aსსრ კავშირის სახელმწიფო ბიუჯეტი :
_b[დამხმ. სახელმძღვანელო] /
_cვლადიმერ ლებანიძე.
264 _aთბილისი :
_bთბილ. უნ-ტის გამ-ბა,
_c1972.
300 _a240 გვ. ;
_b21 სმ.
504 _aბიბლიოგრაფია: გვ. 238.
653 _aსსრ კავშირის სახელმწიფო ბიუჯეტი
942 _2udc
_cᲬᲘᲒᲜᲘ